000 00784cam a2200241Ia 4500
008
020 _a9781856046978 (pbk.)
049 _aMAIN
090 _aZ699
_bINN
245 0 0 _aInnovations in information retrieval :
_bperspectives for theory and practice /
_cedited by Allen Foster and Pauline Rafferty.
260 _aLondon :
_bFacet,
_c2011.
300 _axviii, 156 p. :
_bill. ;
_c24 cm.
504 _aIncludes bibliographical references.
500 _aIncludes index.
650 0 _aInformation retrieval
_xTechnological innovations.
700 1 _aFoster, Allen
700 1 _aRafferty, Pauline
907 _a.b10377785
_b30-08-18
_c20-12-16
003
005 20230123122239.0
040 _cNUST
942 _cBOOKS
_kZ699
_mINN
999 _c130342
_d130342